Gaming Facts Quiz Stats

Quiz Updated Jun 27, 2016

Also try: Music Facts
Challenge
Share
Tweet
Score 0/20 Timer 07:00
9 Plays Today
% Correct
Sonic the Hedgehog
95.6%
Second
93%
Atari
90.5%
Damon
89.7%
Game Boys
89%
World of Warcraft
86.6%
Space Invaders
83.5%
Final Fantasy
81.8%
Mortal Kombat
79.7%
Cows
76.1%
% Correct
World
75.6%
Tycoon
74.5%
Link
74.1%
GameCube
73.3%
Grand Theft Auto
72.8%
Germany
66.8%
First
57%
Resident Evil
51.4%
Dead Space
43.8%
Dragon Quest
26.8%

You're not logged in!

Compare scores with friends on all Sporcle quizzes.
Join for Free
OR
Log In

You Might Also Like...

Show Comments

Extras

Top Quizzes Today


Score Distribution

Your Account Isn't Verified!

In order to create a playlist on Sporcle, you need to verify the email address you used during registration. Go to your Sporcle Settings to finish the process.

Report this User

Report this user for behavior that violates our Community Guidelines.

Details: